000 00505nam a22001577a 4500
999 _c24428
_d24428
003 NUST
005 20170614085610.0
008 170519b xxu||||| |||| 00| 0 eng d
020 _a8173194343
_cAvailable
040 _aDLC
_bDLC
_cRCMS
050 _a518.02462 VER
082 _a518.02462 VER
100 _aP.B PATIL ,U.P. Verma
_91220
245 _aNUMERICAL COMPUTATIONAL METHODS
_c PATIL P.B
260 _aNEW DELHI
_bNAROSA
_cc.2006
300 _aXIII,669 p:
_bill:
_c30,cm.
538 _iShelf # 1, Row # 6, System Engineering.
650 _aNUMERICAL COMPUTATIONAL METHODS
_91221
700 _aVERMA , U.P
_91222
856 _3Table of Content Only
942 _cBK
_2ddc
_h518.02462 VER